POLITICA SOCIAL /

Guardat en:
Dades bibliogràfiques
Autor principal: Hertling, Georg von (autor)
Format: Llibre
Edició:2a edición
Col·lecció:CIENCIA Y ACCION
Matèries:
Etiquetes: Afegir etiqueta
Sense etiquetes, Sigues el primer a etiquetar aquest registre!

MARC

LEADER 00000nam^a2200000^a^4500
001 000238053
005 20250521000000.0
009 20260310104958.03
035 |a 054554 
037 |a Acervo Xavier Clavigero 
082 |a 361. 25  |b HER 
100 |a Hertling, Georg von  |e (autor) 
245 1 0 |a POLITICA SOCIAL /  |c BARON JORGE DE HERTLING ; TR. LUIS HEINZ 
250 |a 2a edición 
264 |a MADRID :  |b Saturnino Calleja, 
300 |a 136 p. 
336 |a texto  |b txt  |2 rdacontenido 
337 |a sin mediación  |b n  |2 rdamedio 
338 |a volumen  |b nc  |2 rdasoporte 
440 |a CIENCIA Y ACCION 
649 |a XX 
650 |a Política Social 
910 |a Fondo General 
920 |a Impresos - Libros 
930 |a Colección General 
905 |a 101 
901 |a 054554  |b IT1  |c ACC  |i 054554  |u 20250521 
902 |a https://opac.biblio.iteso.mx/vufind/Record/000238053